[Event "St Petersburg-ch sf"]
[Site "St Petersburg"]
[Date "2010.02.18"]
[Round "6"]
[White "Petrovichev, Nikolay"]
[Black "Barhudarian, Rafael"]
[Result "1/2-1/2"]
[WhiteElo "2239"]
[BlackElo "2330"]
[PlyCount "126"]
[EventDate "2010.02.13"]
[EventType "swiss"]
[EventRounds "9"]
[EventCountry "RUS"]
[SourceTitle "CBM 135 Extra"]
[Source "ChessBase"]
[SourceDate "2010.05.04"]
[SourceVersion "1"]
[SourceVersionDate "2010.05.04"]
[SourceQuality "1"]

1. d4 Nf6 2. c4 d6 3. Nc3 Nbd7 4. Nf3 e5 5. g3 g6 6. Bg2 Bg7 7. 0-0 0-0 8. e4 c6 9. h3 Re8 10. Re1 Qc7 11. Be3 a6 12. Rc1 Qb8 13. d5 cxd5 14. cxd5 b5 15. Nd2 Nb6 16. Qb3 Bd7 17. Bf1 Rc8 18. Qa3 Ne8 19. Qa5 Nc4 20. Nxc4 bxc4 21. Qa3 Bf6 22. Nb1 Bd8 23. Nd2 Nf6 24. f3 Nh5 25. Kh2 f5 26. Nxc4 Nxg3 27. Qxd6 Qxd6 28. Nxd6 Rxc1 29. Rxc1 Be7 30. Nc4 Rc8 31. Bd3 fxe4 32. fxe4 Nh5 33. Nb6 Rxc1 34. Bxc1 Bb5 35. Bxb5 axb5 36. Kg2 Kf7 37. Kf3 Bd8 38. Nd7 Bc7 39. Be3 Ke7 40. Nc5 Kd6 41. Ne6 Nf6 42. b3 Nd7 43. Bd2 Nf6 44. Bb4+ Kd7 45. Nxc7 Kxc7 46. a4 bxa4 47. bxa4 h5 48. Be7 Nd7 49. Ke2 Kb6 50. Bd8+ Ka6 51. Kd3 Nc5+ 52. Kc4 Nxe4 53. Bc7 g5 54. Bxe5 g4 55. h4 g3 56. Kd4 g2 57. Bh2 Nd2 58. Ke3 Nf1+ 59. Kf2 Nxh2 60. Kxg2 Ng4 61. Kg3 Nf6 62. Kf4 Nxd5+ 63. Kg5 Ne3 1/2-1/2

[Event "St Petersburg-ch sf"]
[Site "St Petersburg"]
[Date "2010.02.13"]
[Round "1"]
[White "Pankov, German"]
[Black "Petrovichev, Nikolay"]
[Result "1-0"]
[WhiteElo "2394"]
[BlackElo "2239"]
[PlyCount "77"]
[EventDate "2010.02.13"]
[EventType "swiss"]
[EventRounds "9"]
[EventCountry "RUS"]
[SourceTitle "CBM 135 Extra"]
[Source "ChessBase"]
[SourceDate "2010.05.04"]
[SourceVersion "1"]
[SourceVersionDate "2010.05.04"]
[SourceQuality "1"]

1. d4 f5 2. Bg5 Nf6 3. Bxf6 exf6 4. Nc3 d5 5. e3 Be6 6. Bd3 Qd7 7. Qf3 Nc6 8. a3 Ne7 9. Nge2 c6 10. h3 Nc8 11. Nf4 g6 12. Nxe6 Qxe6 13. g4 fxg4 14. hxg4 Ne7 15. 0-0-0 Bg7 16. Rh3 0-0-0 17. Ne2 Rdf8 18. Nf4 Qf7 19. Rdh1 h6 20. Nxg6 Nxg6 21. Qf5+ Kc7 22. Qxg6 Qxg6 23. Bxg6 Rd8 24. Kd2 Bf8 25. Kd3 Rg8 26. Bf5 Kd6 27. Re1 Re8 28. c4 b6 29. cxd5 cxd5 30. Rc1 Bg7 31. Rhh1 Re7 32. b4 a6 33. a4 Ra8 34. b5 axb5 35. axb5 Rc7 36. Rxc7 Kxc7 37. Rc1+ Kb7 38. Bd7 Ra5 39. Bc6+ 1-0

[Event "St Petersburg-ch qual"]
[Site "St Petersburg"]
[Date "2006.11.29"]
[Round "2"]
[White "Fateev, Michail"]
[Black "Petrovichev, Nikolay"]
[Result "0-1"]
[WhiteElo "2135"]
[BlackElo "2226"]
[PlyCount "86"]
[EventDate "2006.11.27"]
[EventType "swiss"]
[EventRounds "10"]
[EventCountry "RUS"]
[SourceTitle "EXT 2008"]
[Source "ChessBase"]
[SourceDate "2007.11.25"]
[SourceVersion "1"]
[SourceVersionDate "2007.11.25"]
[SourceQuality "1"]

1. e4 d5 2. exd5 Qxd5 3. Nc3 Qa5 4. Nf3 Nf6 5. d4 Bg4 6. h3 Bh5 7. g4 Bg6 8. Ne5 c6 9. Nc4 Qc7 10. Qf3 Nd5 11. Ne4 Nd7 12. Bd2 e5 13. 0-0-0 exd4 14. Bg5 f6 15. Bh4 Ne5 16. Nxe5 Qxe5 17. Bd3 Qf4+ 18. Qxf4 Nxf4 19. Rhe1 Nxd3+ 20. Rxd3 0-0-0 21. f4 Bb4 22. Re2 Rhe8 23. f5 Bf7 24. a3 Bf8 25. Rd1 c5 26. Rde1 Kd7 27. Kd2 Bc4 28. Rh2 Bd5 29. Rhe2 Kc6 30. Bg3 Re7 31. Bf4 Bc4 32. Rf2 Kd5 33. b3 Ba6 34. Ng3 Rxe1 35. Kxe1 Re8+ 36. Kd2 c4 37. b4 c3+ 38. Kd1 Bc4 39. Bc1 d3 40. cxd3 Bb3+ 41. Rc2 Kd4 42. Nh5 Bd6 43. Nxg7 Re7 0-1

[Event "St Petersburg White Nights op"]
[Site "St Petersburg"]
[Date "2005.06.24"]
[Round "7"]
[White "Petrovichev, Nikolay"]
[Black "Volodin, Aleksandr"]
[Result "1-0"]
[WhiteElo "2210"]
[BlackElo "2147"]
[PlyCount "65"]
[EventDate "2005.06.18"]
[EventType "swiss"]
[EventRounds "9"]
[EventCountry "RUS"]
[SourceTitle "CBM 106 Extra"]
[Source "ChessBase"]
[SourceDate "2005.07.01"]
[SourceVersion "1"]
[SourceVersionDate "2005.07.01"]
[SourceQuality "1"]

1. d4 Nf6 2. Nf3 g6 3. g3 Bg7 4. Bg2 d6 5. 0-0 0-0 6. Re1 Nbd7 7. e4 e5 8. Nc3 Re8 9. d5 Nc5 10. b4 Ncd7 11. Rb1 Nb6 12. Qd3 c6 13. Nd2 cxd5 14. Nxd5 Nfxd5 15. exd5 Bf5 16. Be4 Bxe4 17. Nxe4 h6 18. c4 Rc8 19. c5 dxc5 20. bxc5 Nxd5 21. Nd6 Nc3 22. Rxb7 Rxc5 23. Rxf7 Ne2+ 24. Qxe2 Qxd6 25. Rxa7 Qc6 26. Be3 Rc2 27. Qd3 e4 28. Qb3+ Rc4 29. Rd1 Qe6 30. Qb7 Qf6 31. Qd5+ Qe6 32. Qxe6+ Rxe6 33. Rd8+ 1-0

[Event "Chigorin Memorial 12th"]
[Site "St Petersburg"]
[Date "2004.10.24"]
[Round "9"]
[White "Petrovichev, Nikolay"]
[Black "Lomako, Anna"]
[Result "0-1"]
[WhiteElo "2067"]
[BlackElo "2232"]
[PlyCount "88"]
[EventDate "2004.10.16"]
[EventType "swiss"]
[EventRounds "9"]
[EventCountry "RUS"]
[SourceTitle "EXT 2005"]
[Source "ChessBase"]
[SourceDate "2004.11.15"]
[SourceVersion "1"]
[SourceVersionDate "2004.11.15"]
[SourceQuality "1"]

1. c4 f5 2. g3 Nf6 3. Bg2 g6 4. Nc3 Bg7 5. d3 0-0 6. e4 e5 7. Nge2 d6 8. 0-0 Nc6 9. Nd5 Ne7 10. Qc2 c6 11. Nxf6+ Bxf6 12. Rd1 Qe8 13. Be3 Qf7 14. d4 fxe4 15. dxe5 Bxe5 16. Bxe4 Nf5 17. Bf4 Be6 18. Rac1 Rad8 19. b3 c5 20. Qd2 Rd7 21. Qe1 Kg7 22. Bd2 Qf6 23. Bc3 Nd4 24. Nxd4 cxd4 25. Bb4 g5 26. Rd2 h5 27. Bg2 b6 28. Qe2 Bg4 29. Qd3 h4 30. Ba3 Re7 31. Re1 Rfe8 32. Bc6 Bf5 33. Qf1 Rf8 34. Bb2 d3 35. Bxe5 Rxe5 36. f4 Bh3 37. Qf2 Rxe1+ 38. Qxe1 gxf4 39. Rxd3 fxg3 40. hxg3 Qg6 41. Qc3+ Kh7 42. Bg2 Bxg2 43. Kxg2 Qe4+ 44. Kg1 Qe2 0-1

[Event "Chigorin Memorial 12th"]
[Site "St Petersburg"]
[Date "2004.10.22"]
[Round "7"]
[White "Chistiakova, Tamara"]
[Black "Petrovichev, Nikolay"]
[Result "0-1"]
[WhiteElo "2301"]
[BlackElo "2067"]
[PlyCount "46"]
[EventDate "2004.10.16"]
[EventType "swiss"]
[EventRounds "9"]
[EventCountry "RUS"]
[SourceTitle "EXT 2005"]
[Source "ChessBase"]
[SourceDate "2004.11.15"]
[SourceVersion "1"]
[SourceVersionDate "2004.11.15"]
[SourceQuality "1"]

1. Nf3 Nf6 2. c4 c5 3. g3 b6 4. Bg2 Bb7 5. b3 e6 6. 0-0 Be7 7. Nc3 0-0 8. Bb2 Qc8 9. e3 Rd8 10. Qc2 d5 11. cxd5 Nxd5 12. Nxd5 Bxd5 13. e4 Bb7 14. Ne5 Nc6 15. Nxc6 Bxc6 16. f4 Qd7 17. Bc3 b5 18. Rfd1 b4 19. Bb2 c4 20. Bf1 Qb7 21. Bxc4 Bxe4 22. d3 Bc5+ 23. Kf1 Bf5 0-1

[Event "Chigorin Memorial 12th"]
[Site "St Petersburg"]
[Date "2004.10.17"]
[Round "2"]
[White "Egorov, Dmitry Petrovich"]
[Black "Petrovichev, Nikolay"]
[Result "1-0"]
[WhiteElo "2417"]
[BlackElo "2067"]
[PlyCount "109"]
[EventDate "2004.10.16"]
[EventType "swiss"]
[EventRounds "9"]
[EventCountry "RUS"]
[SourceTitle "EXT 2005"]
[Source "ChessBase"]
[SourceDate "2004.11.15"]
[SourceVersion "1"]
[SourceVersionDate "2004.11.15"]
[SourceQuality "1"]

1. e4 c6 2. c4 d5 3. cxd5 cxd5 4. exd5 Nf6 5. Bb5+ Nbd7 6. Nc3 a6 7. Be2 Nb6 8. Bf3 Nfxd5 9. Nge2 e6 10. 0-0 Be7 11. Qb3 0-0 12. d4 Rb8 13. Rd1 Nxc3 14. Nxc3 Qc7 15. a4 Bd7 16. d5 Bd6 17. h3 e5 18. Ne4 Bf5 19. Be3 Nc8 20. Rac1 Qd7 21. Nc5 Qe7 22. Be4 Bd7 23. Bb1 f5 24. Ne6 Rf7 25. Bc5 Qe8 26. Qa3 Bxc5 27. Nxc5 Rf6 28. d6 Rxd6 29. Rxd6 Nxd6 30. Rd1 Nc4 31. Qb4 Be6 32. Nxe6 Qxe6 33. b3 Nb6 34. Rd6 Nd5 35. Qc5 Rc8 36. Bxf5 Qxf5 37. Qxd5+ Kf8 38. Rd8+ Rxd8 39. Qxd8+ Kf7 40. Qc7+ Kf6 41. Qxb7 Qd3 42. g3 e4 43. Qb6+ Ke5 44. Kg2 Qf3+ 45. Kh2 h5 46. h4 g6 47. b4 Qe2 48. b5 axb5 49. Qxb5+ Qxb5 50. axb5 Kd5 51. g4 Kc5 52. Kg3 Kxb5 53. gxh5 gxh5 54. Kf4 Kc5 55. Kxe4 1-0

[Event "Chigorin Memorial 12th"]
[Site "St Petersburg"]
[Date "2004.10.16"]
[Round "1"]
[White "Petrovichev, Nikolay"]
[Black "Pliasunov, Aleksej"]
[Result "1/2-1/2"]
[WhiteElo "2067"]
[BlackElo "2390"]
[PlyCount "120"]
[EventDate "2004.10.16"]
[EventType "swiss"]
[EventRounds "9"]
[EventCountry "RUS"]
[SourceTitle "EXT 2005"]
[Source "ChessBase"]
[SourceDate "2004.11.15"]
[SourceVersion "1"]
[SourceVersionDate "2004.11.15"]
[SourceQuality "1"]

1. c4 g6 2. g3 Bg7 3. Bg2 d6 4. Nc3 f5 5. d3 Nf6 6. e3 0-0 7. Nge2 c6 8. 0-0 Qe8 9. b3 Na6 10. Qd2 Rb8 11. Bb2 Bd7 12. Rac1 e5 13. h3 Kh8 14. f4 b5 15. cxb5 cxb5 16. Nd5 Nxd5 17. Bxd5 b4 18. d4 exf4 19. exf4 Bb5 20. Rfe1 Qd8 21. Kf2 Qb6 22. Ng1 Nc7 23. Bf3 Bd7 24. Re7 Rbd8 25. Ne2 Bf6 26. Re3 d5 27. Rc5 Bc6 28. Nc1 Nb5 29. Re6 Rd6 30. Rxd6 Nxd6 31. Nd3 a5 32. Qc2 Ba8 33. Ne5 Bxe5 34. fxe5 Ne4+ 35. Bxe4 fxe4+ 36. Kg2 Qa6 37. Qd1 Bc6 38. Rc2 Bd7 39. Qe2 Qe6 40. g4 Rf3 41. Qe1 h5 42. Qh4 Kg7 43. Bc1 hxg4 44. Bh6+ Kg8 45. hxg4 Qxg4+ 46. Qxg4 Bxg4 47. Rc7 Bh3+ 48. Kh2 Bf5 49. Kg2 Rd3 50. Rg7+ Kh8 51. e6 Bxe6 52. Rxg6 Bh3+ 53. Kf2 Kh7 54. Rd6 Rxd4 55. Be3 Rd3 56. Rh6+ Kg8 57. Rxh3 d4 58. Rg3+ Kf7 59. Bf4 e3+ 60. Kf3 a4 1/2-1/2